• 首页
  • 本馆介绍
  • 公告通知
  • 最新文献
  • 馆藏检索
  • 电子资源
  • 读者导购
  • 参考咨询
  • 我的图书馆
  • 登录
  • 详细信息显示
  • 放入我的书架
  • 预约/预借图书
  • 作者相关作品
  • 分类相关作品
  • 丛书相关作品
  • 出版社相关作品

书目信息

  • 表格格式
  • 工作单格式
  • 卡片格式
题名:
园林植物育种学
    
 
作者: ;《园林植物育种学》编写组 编
分册:  
出版信息: 北京   中国林业出版社  2001
页数: 164页
开本: 26cm
丛书名:
单 册:
中图分类: S680.32
科图分类:
主题词: 园林植物--育种 , 花卉 , 园林树木
电子资源:
ISBN: 7-5038-2660-6
000 00666nam0 2200217 45
001 0206111409
005 20031219104056.5
010    @a7-5038-2660-6@dCNY13.00
100    @a20020611d2001 km y0chiy0120 ea
101 0  @achi
105    @a z 000yy
200 1  @a园林植物育种学@AYuan Lin Zhi Wu Yu Zhong Xue@f本书编写组编@FBen Shu Bian Xie Zu Bian
210    @a北京@c中国林业出版社@d2001
215    @a164页@d26cm
606 0  @a园林植物@x育种
606 0  @a花卉
606 0  @a园林树木
690    @aS680.32@v4
711 02 @a《园林植物育种学》编写组@A《Yuan Lin Zhi Wu Yu Zhong Xue》Bian Xie Zu@4编
801    @aCN@bTSTC@c20020611
905    @b311791-800@dS680.32@e55@f10
    
    园林植物育种学/本书编写组编.-北京:中国林业出版社,2001
    164页;26cm
    
    
    ISBN 7-5038-2660-6:CNY13.00
    
●
相关链接 在E读中查询图书 在五车中查询图书 在当当中查询图书 在豆瓣中查询图书


正题名:园林植物育种学     索取号:S680.32/55         预约/预借

序号 登录号 条形码 馆藏地/架位号 状态 备注
1 0311791   203117910   密集书库/ [索取号:S680.32/55] 在馆    
2 0311792   203117929   密集书库/ [索取号:S680.32/55] 在馆    
3 0311793   203117938   密集书库/ [索取号:S680.32/55] 在馆    
4 0311794   203117947   密集书库/ [索取号:S680.32/55] 在馆    
5 0311795   203117956   密集书库/ [索取号:S680.32/55] 在馆    
6 0311796   203117965   密集书库/ [索取号:S680.32/55] 在馆    
7 0311797   203117974   密集书库/ [索取号:S680.32/55] 在馆    
8 0311798   203117983   密集书库/ [索取号:S680.32/55] 在馆    
9 0311799   203117992   密集书库/ [索取号:S680.32/55] 在馆    
10 0311800   203118009   第二样本阅览室/ [索取号:S680.32/55] 在馆    
唐山师范学院图书馆 欢迎您!
大连网信软件有限公司© 版权所有